L'espace des sociologues: recherches contemporaines en compagnie de Jean Remy
সংরক্ষণ করুন:
| প্রধান লেখক: | |
|---|---|
| অন্যান্য লেখক: | |
| বিন্যাস: | গ্রন্থ |
| ভাষা: | ইংরেজি |
| প্রকাশিত: |
Toulouse, France:
Editions érès,
2018
|
| মালা: | Sociétés urbaines et rurales
|
| বিষয়গুলি: | |
| ট্যাগগুলো: |
ট্যাগ যুক্ত করুন
কোনো ট্যাগ নেই, প্রথমজন হিসাবে ট্যাগ করুন!
|
MARC
| LEADER | 00000nam a22000007a 4500 | ||
|---|---|---|---|
| 003 | CL-VaPUC | ||
| 005 | 20220613083932.0 | ||
| 008 | 220524b2018 ||||| |||| 00| 0 eng d | ||
| 999 | |c 435710 |d 435708 | ||
| 020 | |a 978-2-7492-5812-6 | ||
| 040 | |c Pontificia Universidad Católica de Valparaíso | ||
| 082 | 7 | |a 304.23 LEN 2018 |2 22 | |
| 100 | 1 | |a Lenel, Emmanuelle |e direction |9 869746 | |
| 245 | |a L'espace des sociologues: recherches contemporaines en compagnie de Jean Remy | ||
| 260 | |a Toulouse, France: |b Editions érès, |c 2018 | ||
| 300 | |a 295 páginas | ||
| 490 | |a Sociétés urbaines et rurales | ||
| 500 | |a c.1 Donación Profesor Alvaro Mercado. Memo ARQ 07/2022. 10-05-2022 | ||
| 583 | |c 20220524 |k Catalogador Asistente | ||
| 600 | |a Remy, Jean |d 1928-2019 |x Criticism and interpretation. |9 870303 | ||
| 650 | |a Sociología urbana |9 268099 | ||
| 650 | |a Urbanismo |x Aspectos sociales |9 870304 | ||
| 700 | |a Blanc, Maurice |e postface |9 869747 | ||
| 942 | |2 ddc |c BK | ||
| 952 | |0 0 |1 0 |2 ddc |4 0 |6 304_230000000000000_LEN_2018 |7 0 |8 A |9 583247 |a BIBARQ |b BIBARQ |c GEN |d 2022-05-24 |e Donación |i 5651410 |o 304.23 LEN 2018 |p 5651410 |r 2025-01-20 |t 1 |w 2022-05-24 |y BK |k ARQ | ||